Los superfósforos / (Registro nro. 36784)
[ vista simple ]
| 000 -CABECERA | |
|---|---|
| Longitud fija campo de control | 00601nam a22002057a 4500 |
| 003 - • IDENTIFICADOR DELl NÚMERO DE CONTROL | |
| Identificador del número de control | CO-ViMGA |
| 008 - • CÓDIGOS DE INFORMACIÓN DE LONGITUD FIJA | |
| Códigos de información de longitud fija | 170811b xxu||||| |||| 00| 0 eng d |
| 020 ## - • NÚMERO INTERNACIONAL NORMALIZADO PARA LIBROS | |
| Número Internacional Normalizado para Libros (ISBN) | 9789875452374 |
| 040 ## - FUENTE DE LA CATALOGACIÓN | |
| Centro catalogador de origen | CO-ViMGA |
| Lengua de catalogación | spa |
| Centro transcriptor | CO-ViMGA |
| 100 1# - • PUNTO DE ACCESO PRINCIPAL-NOMBRE DE PERSONA | |
| Nombre de persona | SANTA ANA, ANTONIO |
| Fechas asociadas al nombre | 1963, |
| 245 10 - • TITULO PROPIAMENTE DICHO | |
| Título | Los superfósforos / |
| Mención de responsabilidad, etc. | Santa Ana, Antonio ; |
| 300 ## - • DESCRIPCIÓN FÍSICA | |
| Extensión | 104 pg, |
| Otras características físicas | 20 x 11.6 cm |
| 490 ## - • MENCIÓN DE SERIE | |
| Mención de serie | La Ed, |
| 534 ## - • Nota De Versión Original | |
| -- | Titulo original castellano ; |
| Título | Los superfósforos |
| 650 14 - • PUNTO DE ACCESO ADICIONAL DE MATERIA - TÉRMINO DE MATERIA | |
| Término de materia o nombre geográfico como elemento inicial | Cuentos Infantiles, |
| Subdivisión de forma | Juvenil |
| 700 1# - • PUNTO DE ACCESO ADICIONAL - NOMBRE DE PERSONA | |
| Nombre de persona | Santa Ana, Antonio |
| Término indicativo de función | tx, |
| 942 ## - ENTRADA DE ELEMENTOS AGREGADOS (KOHA) | |
| Fuente de clasificaión o esquema | Dewey Decimal Classification |
| Koha [por defecto] tipo de item | LIbro |
| 945 ## - TRATAMIENTO DE LA INFORMACIÓN LOCAL (OCLC) | |
| a | SANs |
| Perdido | Fuente de clasificación o esquema | Estado Físico | No para préstamo | Forma de adquisición | Localización permanente | Localización actual | Fecha adquisición | Préstamos totales | Renovaciones totales | Signatura completa | Código de barras | Fecha última consulta | Fecha último préstamo | Fecha del precio de reemplazo | Tipo de item de Koha | Localización en estanterías | Número de copia | Note pública |
|---|---|---|---|---|---|---|---|---|---|---|---|---|---|---|---|---|---|---|
| Colección Sala Infantil de Literatura Pocatil y Tilín | Biblioteca Pública Departamental Eduardo Carranza - Villavicencio | Biblioteca Pública Departamental Eduardo Carranza - Villavicencio | 03/17/2017 | N SAN1su | ECA25103 | 11/25/2024 | 11/25/2024 | LIbro | Sala Infantil | Ej.2 | 19020 | 24248 | |||||||
| Colección Sala Infantil de Literatura Pocatil y Tilín | Biblioteca Pública Departamental Eduardo Carranza - Villavicencio | Biblioteca Pública Departamental Eduardo Carranza - Villavicencio | 03/15/2017 | N SAN1su | ECA25044 | 11/25/2024 | 11/25/2024 | LIbro | Sala Infantil | Ej.1 | 19020 | 24247 | |||||||
| Dewey Decimal Classification | Sala Infantil Segundo Piso | Biblioteca Pública Germán Arciniegas - Villavicencio | Biblioteca Pública Germán Arciniegas - Villavicencio | 08/11/2017 | 1 | 1 | SANs | 114450 | 09/12/2018 | 08/24/2018 | 08/11/2017 | LIbro |